ARRUPE JESUIT UNIVERSITY

CORONAVIRUS -STOP THE SPREAD - CLEAN,DISINFECT,COVER

History of Islamic philosophy / (Record no. 128042)

MARC details
000 -LEADER
fixed length control field 01296cam a2200313 a 4500
001 - CONTROL NUMBER
control field 1995976
003 - CONTROL NUMBER IDENTIFIER
control field ARRUPE
005 - DATE AND TIME OF LATEST TRANSACTION
control field 20180822140232.0
008 - FIXED-LENGTH DATA ELEMENTS--GENERAL INFORMATION
fixed length control field 900706s1993 enk b 001 0 eng
010 ## - LIBRARY OF CONGRESS CONTROL NUMBER
LC control number 90005019
020 ## - INTERNATIONAL STANDARD BOOK NUMBER
International Standard Book Number 0710304161
040 ## - CATALOGING SOURCE
Original cataloging agency DLC
Transcribing agency DLC
Modifying agency DLC
041 1# - LANGUAGE CODE
Language code of text/sound track or separate title eng
Language code of original and/or intermediate translations of text fre
050 00 - LIBRARY OF CONGRESS CALL NUMBER
Classification number B741
Item number .C613 1993
082 00 - DEWEY DECIMAL CLASSIFICATION NUMBER
Classification number 181/.5
Edition number 20
300 ## - PHYSICAL DESCRIPTION
Dimensions 24 cm.
100 1# - MAIN ENTRY--PERSONAL NAME
Personal name Corbin, Henry.
9 (RLIN) 41819
240 10 - UNIFORM TITLE
Uniform title <a href="Histoire de la philosophie islamique.">Histoire de la philosophie islamique.</a>
Language of a work English
245 10 - TITLE STATEMENT
Title History of Islamic philosophy /
Statement of responsibility, etc Henry Corbin ; translated by Liadain Sherrard with the assistance of Philip Sherrard.
260 ## - PUBLICATION, DISTRIBUTION, ETC. (IMPRINT)
Place of publication, distribution, etc London ;
-- New York :
Name of publisher, distributor, etc Routledge ;
Date of publication, distribution, etc 2014
300 ## - PHYSICAL DESCRIPTION
Extent xviii, 445 p. ;
500 ## - GENERAL NOTE
General note Translation of: Histoire de la philosophie islamique.
504 ## - BIBLIOGRAPHY, ETC. NOTE
Bibliography, etc Includes bibliographical references (p. 367-407) and index.
650 #0 - SUBJECT ADDED ENTRY--TOPICAL TERM
Topical term or geographic name as entry element Islamic philosophy
General subdivision History.
9 (RLIN) 41820
650 #0 - SUBJECT ADDED ENTRY--TOPICAL TERM
Topical term or geographic name as entry element Islam
General subdivision Doctrines
-- History.
9 (RLIN) 41821
906 ## - LOCAL DATA ELEMENT F, LDF (RLIN)
a 7
b cbc
c orignew
d 1
e ocip
f 19
g y-gencatlg
942 ## - ADDED ENTRY ELEMENTS (KOHA)
Source of classification or shelving scheme Library of Congress Classification
Koha item type Monograph ( Printed materials)
Holdings
Withdrawn status Lost status Source of classification or shelving scheme Damaged status Not for loan Collection code Home library Current library Shelving location Date acquired Total Checkouts Full call number Barcode Date last seen Date checked out Price effective from Koha item type
    Library of Congress Classification     Main Collection ARRUPE LIBRARY ARRUPE LIBRARY Main Collection 22/08/2018 6 B741 .C613 1993 46600001609 30/09/2022 22/08/2022 22/08/2018 Monograph ( Printed materials)

 

Arrupe Library. PO Box MP320 Mt Pleasant, Harare, Zimbabwe
263 242 745411|librarian@aju.ac.zw